Pères et Fils du football - Statistiques

Statistiques générales
  • Ce quiz a été pris 166 fois
  • Le résultat moyen est 11 sur 17
Statistiques - réponses
Père Fils % Correct
Cesare Maldini Paolo Maldini
86%
Carles Busquets Sergio Busquets
86%
Bruno Germain Valère Germain
86%
Zinédine Zidane Enzo et Luca Zidane
84%
Lilian Thuram Marcus Thuram
81%
Jean Djorkaeff Youri Djorkaeff
78%
Peter Schmeichel Kasper Schmeichel
77%
Christian Gourcuff Yoann Gourcuff
70%
Patrick Kluivert Justin Kluivert
68%
George Weah Timothy Weah
66%
Danny Blind Daley Blind
58%
Bruno Roux Nolan Roux
57%
Abedi Pelé Jordan et André Ayew
53%
Johan Cruyff Jordi Cruyff
37%
Alain Giresse Thibault Giresse
34%
Claude Puel Grégoire Puel
23%
Mazinho Thiago Alcantara et Rafinha
15%
Aucun quiz correspondant
Distribution des résultats
% des personnes avec chaque résultat
Percentile par nombre de réponses
Votre historique - résultats
Vous n’avez pas pris ce quiz